000
00207nam a22000857a 4500
008
170119b xxu||||| |||| 00| 0 eng d
100
_9
2514
_a
Murthy Sudha
245
_a
The Mother I never Knew
260
_a
New Delhi
999
_c
5587
_d
5587